01412nam a2200373 i 450000500170000000800410001702000310005804000350008904100080012408200170013210000370014924501080018625000180029426400260031230000620033833600270040033700330042733800280046049000410048850400410052950500640057065000370063465000450067165000460071665000340076265000240079665000180082065000450083865000350088365000480091870000450096694200120101199900150102320220317000935.0160801s1996 sp gs 000 0 spa d a8420698458 (Obra completa) aCO-BoRNBPbspacCO-BoRNBPerda0 aspa04a909.82bG17h1 aGarcía de Cortázar, Fernando10aHistoria del mundo actual (1945-1995)cFernando García de Cortázar, José María Lorenzo Espinosa a1a. edición aMadridbAlianzac1996 a2 volúmenesbilustraciones, mapas, fotografíasc18 cm atextobtxt2rdacontent asin mediaciónbn2rdamedia avolumenbnc2rdacarrier aLibro de bolsillopHumanidadesv1786 aIncluye referencias bibliográficas aVolumen 1. Memoria de medio siglo -- Volumen 2. Imago mundi14aHistoria modernaySiglo XX2LEMB14aHistoriavFotografíasy1945-19952LEMB14aPolítica internacionaly1945-19952LEMB14aHistoria del socialismo2LEMB14aGuerra fría2LEMB14aRacismo2LEMB14aHistoria de las mujeresy1945-19952LEMB14aPersonajesvBiografías2LEMB14aGeografía de poblacióny1945-19952LEMB1 aLorenzo Espinosa, José María9124292 2ddccBK c5468d5468